Republic of Uzbekistan : Technical Assistance Report-External Sector Statistics Mission (September 30-October 11, 2010).

At the request of the Republic of Uzbekistan authorities for technical assistance (TA) on external sector statistics (ESS), and with the support of the Middle East and Central Asia Department (MCD) of the International Monetary Fund (IMF), a mission from the IMF Statistics Department (STA) visited T...

Fuld beskrivelse

Bibliografiske detaljer
Institution som forfatter: International Monetary Fund. Statistics Dept
Format: Tidsskrift
Sprog:English
Udgivet: Washington, D.C. : International Monetary Fund, 2020.
Online adgang:Full text available on IMF
LEADER 01802cas a2200229 a 4500
001 AALejournalIMF021019
008 230101c9999 xx r poo 0 0eng d
020 |c 5.00 USD 
020 |z 9781513546506 
040 |a BD-DhAAL  |c BD-DhAAL 
110 2 |a International Monetary Fund.  |b Statistics Dept. 
240 1 0 |a Republic of Uzbekistan: Technical Assistance Report-External Sector Statistics Mission (September 30-October 11, 2010).  |l Russian 
245 1 0 |a Republic of Uzbekistan :   |b Technical Assistance Report-External Sector Statistics Mission (September 30-October 11, 2010). 
264 1 |a Washington, D.C. :  |b International Monetary Fund,  |c 2020. 
300 |a 1 online resource (44 pages) 
380 |a September 30-October 11, 2010. 
500 |a <strong>Off-Campus Access:</strong> No User ID or Password Required 
500 |a <strong>On-Campus Access:</strong> No User ID or Password Required 
506 |a Electronic access restricted to authorized BRAC University faculty, staff and students 
520 3 |a At the request of the Republic of Uzbekistan authorities for technical assistance (TA) on external sector statistics (ESS), and with the support of the Middle East and Central Asia Department (MCD) of the International Monetary Fund (IMF), a mission from the IMF Statistics Department (STA) visited Tashkent from September 30 through October 11, 2019. This was the second TA mission under the auspices of the Data for Decisions Fund and the third since the Presidential Order of September 12, 2017, on Measures to Ensure the Accessibility and Openness of Economic and Financial Data for the Republic of Uzbekistan was issued. 
538 |a Mode of access: Internet 
856 4 0 |z Full text available on IMF  |u http://elibrary.imf.org/view/journals/002/2020/189/002.2020.issue-189-ru.xml  |z IMF e-Library